000 00764nam a2200277 i 4500
001 C2-0246818
003 PPAK
005 20180727211510.0
008 030325s2000 nyua|||| ||||| | eng d
020 _a0141309881
040 _aPPAK
_beng
_cPPAK
_erda
082 0 4 _a428.6
_223
090 0 0 _a428.6
_bHAL
_dK
100 1 _aHall, Katy,
_eauthor
245 1 0 _aCreepy riddles
264 1 _aNew York :
_bPuffin Books ,
_c2000
300 _a48 pages :
_bcolour illustrations ;
_c23 cm
336 _2rdacontent
_atext
337 _2rdamedia
_aunmediated
338 _2rdacarrier
_avolume
490 1 _aPuffin easy-to-read Level 3 (Grades 1-3)
650 1 0 _aReaders
700 _eauthor
830 0 _aPuffin easy-to-read Level 3 (Grades 1-3)
942 _ddc
_cB
999 _c60718
_d60718